000 02728nam a2200277 a 4500
005 20250329170942.0
006 m d
007 cr cnu---uuuuu
008 141016s2014 s 000 0 eng d
020 _a978-958-58167-8-7
040 _aCO-CtgCURN
_bspa
_ccoctgcurn
082 0 4 _a303.6098
_bC397
110 2 _aCentro Nacional de Memoria Histórica.
245 1 0 _aHacer la guerra y matar la política
_h[electronic resource] :
_bLíderes políticos asesinados en Norte de Santander /
_cinforme del Centro Nacional de Memoria Histórica.
250 _aPrimera edición.
260 _aBogotá :
_bCentro Nacional de Memoria Histórica,
_c2014.
300 _a346 páginas :
_bfotos, ilustraciones, mapas a color ;
_c23 cm.
504 _aBibliografía: páginas 339-346.
520 8 _aEl conflicto armado en Colombia ha golpeado duramente la actividad política y, por lo tanto, ha perturbado el funcionamiento del sistema democrático. El departamento de Norte de Santander es un doloroso ejemplo de los graves daños que el conflicto armado le ha ocasionado a la posibilidad de que los ciudadanos escojan libremente a sus voceros en los cargos de elección popular y que éstos puedan ejercer a plenitud sus compromisos legales y los mandatos de sus comunidades. Esta región del nororiente del país ha sufrido, como pocas, los embates de las guerrillas y los paramilitares contra dirigentes y militantes políticos de todas las vertientes, mediante asesinatos, secuestros, amenazas y desplazamientos forzados. En la presente publicación, el Centro Nacional de Memoria Histórica seleccionó cuatro casos muy representativos de cómo la guerra silenció la actividad política de voceros de todas las tendencias políticas en Norte de Santander. Se trata del secuestro y muerte en cautiverio del ex ministro conservador Argelino Durán Quintero y de los asesinatos del senador liberal Jorge Cristo Sahium, del ex alcalde, poeta y candidato independiente a la gobernación Tirso Vélez y del dirigente comunista Carlos Bernal. Estas historias son emblemáticas de muchísimas otras víctimas en el país, que incluyen alcaldes, concejales, diputados, gobernadores, congresistas y candidatos presidenciales.
650 1 4 _aVíctimas de la violencia.
650 2 4 _aPolíticos.
650 2 4 _aConflicto armado.
856 4 1 _uhttps://unicurn.sharepoint.com/sites/biblioteca/Conservacin/Forms/AllItems.aspx?id=%2Fsites%2Fbiblioteca%2FConservacin%2Fkoha%2FLibros%2F978%2D958%2D58167%2D8%2D7%2Epdf&parent=%2Fsites%2Fbiblioteca%2FConservacin%2Fkoha%2FLibros&p=true&ga=1
_zClick para ver texto completo
942 _cCF
_2ddc
_h303.6098
_iC397
999 _c6953
_d6953